000 00612nam a2200205Ia 4500
003 GCL
005 20240530103815.0
008 140319s9999 xx 000 0 ara d
040 _aGCL /
_cGCL
082 0 4 _a962.054
_bق/س م
100 1 _aالسيد فرج
245 1 0 _aمعركة العلمين /
_cالسيد فرج
260 _aالقاهرة :
_bدار المعارف
300 _a126 ص ؛
_c14 سم
490 _aاقرأ
_v293
650 0 4 _aالعمليات الحربية
650 0 4 _aالحرب العالمية الثانية 1939 - 1945
650 0 4 _aالعالمين
942 _2ddc
_cBK
999 _c42636
_d42636